| 000 | 00522nam a2200181Ia 4500 | ||
|---|---|---|---|
| 999 |
_c32489 _d32489 |
||
| 003 | OSt | ||
| 005 | 20200727113729.0 | ||
| 008 | 190216s9999||||xx |||||||||||||| ||und|| | ||
| 020 | _a9789384463342 | ||
| 040 | _coclc | ||
| 082 |
_a512.5 _bGOO/L |
||
| 100 |
_aGoodaire, Edgar G _93772 |
||
| 245 | 0 |
_aLinear Algebra Pure & Applied / _cEdgar G Goodaire |
|
| 260 |
_bWorld Scientific, _c2014. _aNew Jersey: |
||
| 300 | _a716p | ||
| 650 | _aMathe Matics | ||
| 942 |
_cBK _2ddc _h512.5 _iGOO/L _k512.5 _mGOO/L |
||